00938nam a2200205 a 450000100100000000500170001000800410002704000250006808200160009310000360010924500810014526000500022630000210027650000720029770000380036904900090040795201790041695201200059599900170071500002095120241030141145.0100824s1979 dr 001 0 spa d aDO-SdBNPbspacBNPHU axxxxbG934g aGuerrero, Miguel,d1945-91430313aLa generación de mis padres /cMiguel Guerrero ; prólogo María Ugarte. aSanto Domingo :bEditorial del Caribe,c1979. a226 p. ;c22 cm. aIncluye referencias bibliográficas del autor en la contracubierta1 aUgarte, Maríad1914-2011924078 aBNPD 0010718PDaPDbPDcHDd2010-08-24iLF1l0oxxxx G934gp20951-10r2020-06-25w2020-06-25yLFPDzPerteneció a la bilbioteca personal de Germán Emilio Ornes.ZNo se presta 0010718PDaPDbPDcCTd2011-08-01iLF1l0oxxxx G934gp20951-20r2020-06-25te. 2w2020-06-25yLFPDZNo se presta c20454d20454